| 000 | 00689nam a2200229 u 4500 | ||
|---|---|---|---|
| 005 | 20240316063743.0 | ||
| 008 | 090812s2006 es r 000 0 spa d | ||
| 020 | _a8420659207 | ||
| 035 | _aUPN01000171842 | ||
| 049 | _aCG | ||
| 050 | 4 |
_aBC177 _bS3.2 |
|
| 100 | 1 |
_aSchopenhauer, Arthur, _d1788-1860 |
|
| 245 | 1 | 3 |
_aEl arte de insultar / _cArthur Schopenhauer ; tr. Fabio Morales. |
| 260 |
_aMadrid : _bAlianza, _c2006. |
||
| 300 | _a163 p. | ||
| 440 | 3 |
_aEl libro de bolsillo ; _v4461. _pHumanidades. _pFilosofía |
|
| 534 |
_pTraducción de: _tDie Kunst zu beleidigen |
||
| 650 | 2 |
_aArgumentación _97841 |
|
| 650 | 4 |
_aLógica _96206 |
|
| 650 | 4 |
_aFilosofía _95327 |
|
| 905 | _aLibro | ||
| 999 |
_c143946 _d143946 |
||